Europe Map Quiz in 90 Seconds - Statistics

General Stats
  • This quiz has been taken 139 times
  • The average score is 32 of 45
Answers on the Map
Answers color-coded by a green-red scale on the quiz's map according to % correct below.
 
Answer Stats
Answer % Correct
France
98%
Greece
98%
Iceland
98%
Italy
98%
Norway
98%
Denmark
97%
Finland
97%
Germany
97%
Ireland
97%
Portugal
97%
Russia
97%
Spain
97%
Sweden
95%
United Kingdom
95%
Belgium
93%
Austria
92%
Poland
91%
Switzerland
91%
Netherlands
90%
Czechia
89%
Luxembourg
89%
Slovakia
84%
Lithuania
83%
Estonia
82%
Latvia
80%
Belarus
75%
Ukraine
74%
Romania
66%
Moldova
65%
Bulgaria
60%
Macedonia
49%
Albania
47%
Montenegro
39%
Kosovo
37%
Serbia
37%
Croatia
36%
Bosnia and Herzegovina
35%
Andorra
34%
Slovenia
34%
Hungary
33%
Liechtenstein
29%
Malta
28%
Monaco
25%
San Marino
23%
Vatican City
18%
No matching quizzes found
Score Distribution
Percent of People with Each Score
Percentile by Number Answered
Your Score History
You have not taken this quiz